00506 2200181 4500001002100000008004100021035002000062245008300082100002700165260003100192300001300223020002200236084001400258082000800272650001000280990001800290990001600308INLIS000000000000004 ind  a0010-0724000004 a99 Cahaya Di Langit EropabMenapak Jejak Islam di EropacHanum Salsabiela Rais aRais, Hanum Salsabiela aJakarta :bGramedia,c2013 a430 hlm. a978-602-03-0052-8 a813 HAN 9 a813 aFiksi aP29/CP/24/4.2 aP29/CP/24/4